| 000 | 01287nam a22002654a 4500 | ||
|---|---|---|---|
| 001 | 477 | ||
| 003 | OSt | ||
| 005 | 20250902142001.0 | ||
| 008 | 250902b |||||||| |||| 00| 0 eng d | ||
| 040 | _bpor | ||
| 041 | _hpor | ||
| 082 | 0 | 4 |
_a028.5 _bA554z |
| 100 | 1 |
_aAndrade, Floro Freitas de, _d1933- _91027 |
|
| 245 | 1 | 0 |
_aZungunga / _cFloro Freitas de Andrade ; ilustração Rogério Borges |
| 260 |
_aSão Paulo : _bMelhoramentos, _c1986 |
||
| 300 |
_a79p. : _bil. ; |
||
| 520 | _aCom vigor narrativo e imaginação, Floro Freitas de Andrade centraliza a ação de Zungunga, na trajetória de Zelito, um jovem pobre e mulato, que não apenas se depara com dificuldades econômicas, mas precisa igualmente superar as relações conflitantes entre e com os pais. O autor alerta para o fato de os personagens serem pura ficção mas, dentro dele, eles aconteceram com tamanha profusão de detalhes, de tal modo nítido e vivos, que, de tão bem sonhados, é possível que eles se tenham feito carne, podendo ser encontrados por aí. | ||
| 650 |
_aLiteratura Brasileira _9205 |
||
| 650 |
_aInfantojuvenil _9200 |
||
| 650 | 0 |
_aFicção e realidade _91028 |
|
| 655 | 0 |
_aRomance _923 |
|
| 655 | 0 |
_aFicção _922 |
|
| 700 | 1 |
_aBorges, Rogério, _d1951- _eIlustrador _91029 |
|
| 942 |
_2ddc _n0 _cBK |
||
| 999 |
_c477 _d477 |
||